000 01568nam0a22003851 4500
001 v19\rc\1583777
005 20061002110203.0
035 _a(NLR Aleph) 004709922
090 _a4185820
_c4185820
100 _a20061002d1896 |||y0rusy50 ca
101 1 _arus
_cger
102 _aRU
105 _ac z |||||
200 1 _aЦенность жизни
_dDer Werth des Lebens
_eИсследование в смысле героического жизнепонимания
_fЕ. Дюринг
_gПер. с 4-го нем. изд. Ю.М. Антоновского, с биогр. очерком ["Евгений Дюринг"] Деля и портр. Дюринга
_zger
205 _a2-е изд.
210 _aСанкт-Петербург
_cтип. Уч-ща глухонемых
_d1896
215 _a6, [2], XXII, [2], 345 с., 1 л. фронт. (портр.)
_d25
464 0 _12001#$aЕвгений Дюринг$fДель Эмиль
_1700#1$aДель$bЭ.$f1850-1924$gЭмиль
510 0 _aDer Werth des Lebens
_zger
700 1 _aДюринг
_bЕ.
_f1833-1921
_gЕвгений
702 1 _aАнтоновский
_bЮ. М.
_f1857-1913
_gЮлий Михайлович
_4730
801 0 _aRU
_bNLR
_gpsbo
801 0 _aRU
_bRuMoRGB
_2psbo
801 1 _aRU
_bProSoft-M
_2rusmarc
852 _aNLR
_j20.81.3.31
852 _aNLR
_j133/3402
899 _aRuMoRGB
_jU 413/187
899 _aБАН
899 _aНБ СПбГУ
899 _aГПИБ
899 _aНБ МГУ
899 _aRuMoRGB
_jE 9/70
899 _aRuMoRGB
_jW 525/406
942 _cBOOK
980 _aNB